| 000 | 00881nam a22002537i 4500 | ||
|---|---|---|---|
| 001 | 67629 | ||
| 003 | ES-MaACL | ||
| 005 | 20250829123441.0 | ||
| 007 | t| | ||
| 008 | 040608s2003 sp ||||0| spa d | ||
| 020 | _a84-95700-38-7 | ||
| 040 |
_aM-BN _bspa _cM-BN |
||
| 080 | _a821.134.2.09(07) | ||
| 245 | 0 | 0 |
_aMe chifla la poesía _b: antología poética y didáctica : E.S.O.-Bachillerato / _cedición de Manuel Aparicio Burgos, Isabel Cristina Allegretto. |
| 250 | _a1ª ed. | ||
| 260 |
_aSalamanca : _bCentro de Estudios Literarios y de Arte de Castilla y León, _c2003. |
||
| 300 |
_a355 p. ; _c21 cm. |
||
| 490 | 1 |
_aColección Didáctica ; _v1 |
|
| 700 | 1 |
_aAparicio Burgos, Manuel. _922060 |
|
| 700 | 1 |
_aAllegretto, Isabel Cristina. _919970 |
|
| 830 | 0 | 0 |
_aColección didáctica _v1 _9230905 |
| 852 |
_aES-MaACL _jL-27873 _bR.133457 |
||
| 999 |
_c67629 _d67629 |
||